| 000 | 00566nam a2200193Ia 4500 | ||
|---|---|---|---|
| 008 | 220531s9999 xx 000 0 und d | ||
| 041 | _aeng | ||
| 082 |
_a547 _bORG / FIN |
||
| 100 |
_aFinar, I. L. _973944 |
||
| 245 | _aOrganic Chemistry, Volume-2: Stereochchemistry and the Chemistry and the Chemistry Natural Products | ||
| 250 | _a5th | ||
| 260 |
_aNew Delhi _bPearson _c2014 |
||
| 300 | _a956 | ||
| 542 | _d16-03-2017 | ||
| 551 |
_aScience _bNon-grant-SCI |
||
| 650 |
_aOrganic Chemistry _973945 |
||
| 906 |
_d2016-2017 _f10632 |
||
| 999 |
_c41201 _d41201 |
||